000 00399nam a2200169Ia 4500
008 221030s9999 xx 000 0 und d
020 _a9788126135066
041 _aEnglish
082 _a105.23
100 _aV. K. Bhalla
245 0 _aWorking Capital Management - Text & Cases
250 _a9th
260 _bAnmol Pub
_aNew Delhi
_c2008
300 _a984
650 _aManagement
942 _cBK
999 _c5968
_d5968